[Event "DPEM 2017"]
[Site "Wiesbaden"]
[Date "2017.06.17"]
[Round "5.5"]
[White "Schlenker, Joerg"]
[Black "Lamby, Philipp"]
[Result "1-0"]
[WhiteElo "2165"]
[BlackElo "2209"]
[Annotator "TA"]
[PlyCount "70"]
[EventDate "2017.??.??"]
[EventType "k.o."]
[EventCountry "GER"]
[SourceTitle "playchess.com"]
[Source "ChessBase"]
[SourceQuality "1"]

{[%evp 10,70,4,3,34,34,45,38,38,26,33,13,77,68,75,30,31,29,31,13,13,-38,-36,-47,-48,-46,-23,-45,-45,-84,21,15,112,115,102,102,603,456,506,475,797,507,505,505,482,495,474,479,503,501,488,243,322,331,317,273,297,-624,29981,-614,29993,283,419]} 1. e4 c5 2. Nc3 e6 3. f4 d5 4. Bb5+ Nc6 5. Bxc6+ bxc6 6. d3 {LiveBook: 37 Games. B23: Closed Sicilian: Lines without g3} Bd6 (6... Nf6 7. Nf3 Be7 8. O-O c4 9. e5 Qb6+ 10. Kh1 Ng4 11. d4 Nh6 12. Na4 Qb5 13. c3 {1-0 (31) Kokarev,D (2628)-Emeliantsev,A (2361) Vladivostok 2016}) 7. Qg4 g6 $146 ({Predecessor:} 7... Kf8 8. e5 Nh6 9. Qh3 Be7 10. Nf3 c4 11. g4 f5 12. exf6 Bxf6 13. Bd2 Qb6 {0-1 (34) Guajardo Munoz,R-Ojeda Meneses,P (1940) Chile 2009}) 8. Qe2 {White is slightly better.} Ne7 9. Nf3 Ba6 10. Bd2 Qb8 (10... c4 $11) 11. e5 Bc7 12. O-O c4 (12... Qxb2 $2 13. Rfb1 $18) 13. b3 {[%cal Rb3c4]} cxd3 14. cxd3 Nf5 15. g4 (15. Rfc1 $11) 15... Bb6+ $1 $15 16. Kh1 Nd4 17. Nxd4 $1 Bxd4 18. Rac1 h5 {White must now prevent ...hxg4.} 19. Be3 Bb6 (19... Qb4 $17 20. a3 Qb6 21. Bxd4 Qxd4) 20. Bxb6 $1 $11 axb6 (20... Qxb6 $11 21. gxh5 Rxh5) 21. f5 $1 $16 {[%cal Rf5g6]} gxf5 22. gxf5 d4 $2 {[%mdl 8192]} (22... Bc8 $16) 23. Ne4 Qxe5 24. fxe6 Qxe6 ({Avoid the trap} 24... f5 $2 25. Rxf5 $1 {[%mdl 512]} Qc7 26. Rf7) (24... Bxd3 $142 25. exf7+ Kf8 26. Qxd3 Rxa2) 25. Nd6+ Kd8 26. Nxf7+ Ke7 27. Qxe6+ Kxe6 28. Rxc6+ Kd7 29. Ne5+ Ke8 {And now ...Bb7 would win.} 30. Re6+ Kd8 {intending ...Bb7+.} 31. Rf7 {White wants to mate with Nc6+.} ({Much less strong is} 31. Rxb6 Re8) 31... Bb5 32. a4 Be8 33. Ra7 $4 {[%mdl 8192]} (33. Rb7 $18 b5 34. a5) 33... b5 $4 {[%mdl 8192]} (33... Rxa7 $19 34. Kg2 b5 35. axb5 Ra2+ 36. Kh3 Bxb5) 34. axb5 $4 {[%mdl 8192]} (34. Rxa8+ {and life is good for White.} Kc7 35. axb5 Kb7 36. Rexe8 Rxe8 37. Rxe8 Kb6 38. Rb8+ Kc7 39. Nc6) 34... Rf8 $4 {[%mdl 8192]} (34... Rxa7 $19 35. b6 Ra2 36. Rd6+ Kc8) 35. Raa6 $2 (35. Rxa8+ {mates} Kc7 36. b6+ Kb7 37. Ra7+ Kc8 {[#]} 38. Rxe8+ $1 {[%mdl 512]} Rxe8 39. Rc7+ Kb8 40. Nc6+ Ka8 41. b7#) 35... Rc8 {Precision: White = 48%, Black = 32%.} (35... Rxa6 {was worth a try.} 36. bxa6 Rf1+ 37. Kg2 Ra1 38. Nc6+ Bxc6+ 39. Rxc6 Kd7) 1-0

[Event "DPEM 2017"]
[Site "Wiesbaden"]
[Date "2017.06.17"]
[Round "5.6"]
[White "Reddmann, Hauke"]
[Black "Meyer, Falko"]
[Result "1/2-1/2"]
[WhiteElo "2216"]
[BlackElo "2223"]
[Annotator "ChessBase"]
[PlyCount "72"]
[EventDate "2017.??.??"]
[EventType "k.o."]
[EventCountry "GER"]
[SourceTitle "playchess.com"]
[Source "ChessBase"]
[SourceQuality "1"]

1. d4 d5 2. Bf4 Nf6 3. e3 c5 4. dxc5 Qa5+ 5. Nc3 Qxc5 6. Nb5 Na6 7. Qd4 Qxd4 8. exd4 e6 9. Nd6+ Bxd6 10. Bxd6 Nb8 11. Nf3 Nc6 12. c3 Ne4 13. Ba3 f5 14. Nd2 Nf6 15. Bd3 Kf7 16. f3 e5 17. dxe5 Nxe5 18. Be2 Re8 19. O-O-O Bd7 20. Rhe1 Rac8 21. Nb3 Ba4 22. Bd6 Nc4 23. Bf4 Nh5 24. Rxd5 g6 25. Bd2 Nxd2 26. Kxd2 Nf4 27. Rd4 Bxb3 28. axb3 Rxe2+ 29. Rxe2 Nxe2 30. Kxe2 Ke6 31. Rc4 Re8 32. Kd3 Kd6 33. Rd4+ Kc6 34. Rc4+ Kd6 35. Rd4+ Kc6 36. Rc4+ Kd6 1/2-1/2

[Event "DPEM 2017"]
[Site "Wiesbaden"]
[Date "2017.06.17"]
[Round "5.7"]
[White "Haasler, Andreas"]
[Black "Isakov, Michael G"]
[Result "0-1"]
[WhiteElo "2220"]
[BlackElo "2155"]
[Annotator "ChessBase"]
[PlyCount "102"]
[EventDate "2017.??.??"]
[EventType "k.o."]
[EventCountry "GER"]
[SourceTitle "playchess.com"]
[Source "ChessBase"]
[SourceQuality "1"]

1. d4 Nf6 2. Nf3 g6 3. b3 Bg7 4. g3 b5 5. Bg2 Bb7 6. Bb2 a5 7. c4 b4 8. Nbd2 O-O 9. O-O d6 10. h3 Nbd7 11. a3 Re8 12. axb4 axb4 13. d5 e6 14. dxe6 fxe6 15. Rxa8 Qxa8 16. Qc2 c5 17. Ra1 Qd8 18. Qd3 Qb6 19. h4 Nf8 20. Nf1 Be4 21. Qd1 d5 22. N1d2 Bf5 23. Ra2 d4 24. Qa1 e5 25. Ra6 Qd8 26. Ng5 e4 27. Nf1 h6 28. Nh3 Nh5 29. e3 Ne6 30. Ra7 g5 31. hxg5 hxg5 32. Qd1 g4 33. Nf4 Nhxf4 34. exf4 Re7 35. Ra2 Qe8 36. Qa1 Qf7 37. Ra8+ Kh7 38. Qe1 Nf8 39. Rd8 Nd7 40. Ba1 Nb6 41. Nh2 Qe6 42. Nf1 Ra7 43. Bb2 Nd7 44. Nd2 e3 45. fxe3 Qxe3+ 46. Qf2 Ra2 47. Bc1 Ra1 48. Rxd7 Rxc1+ 49. Kh2 Qxf2 50. Nf1 Rxf1 51. Rxg7+ Kh6 0-1

[Event "DPEM 2017"]
[Site "Wiesbaden"]
[Date "2017.06.17"]
[Round "5.8"]
[White "Bente, Bjoern"]
[Black "Jandke, Manfred"]
[Result "1-0"]
[WhiteElo "2289"]
[BlackElo "2132"]
[Annotator "ChessBase"]
[PlyCount "99"]
[EventDate "2017.??.??"]
[EventType "k.o."]
[EventCountry "GER"]
[SourceTitle "playchess.com"]
[Source "ChessBase"]
[SourceQuality "1"]

1. d4 Nf6 2. Nf3 d5 3. e3 c6 4. c4 e6 5. Nc3 Nbd7 6. Qc2 Bd6 7. Be2 O-O 8. O-O Qe7 9. e4 dxe4 10. Nxe4 Nxe4 11. Qxe4 f5 12. Qc2 Qf6 13. c5 Bc7 14. Bc4 Kh8 15. Re1 e5 16. Bg5 Qg6 17. dxe5 Re8 18. Bd2 Nxe5 19. Nxe5 Bxe5 20. Bc3 Bxc3 21. Rxe8+ Qxe8 22. Qxc3 Qg6 23. Rd1 Be6 24. Rd6 Re8 25. h3 Qf7 26. Bxe6 Rxe6 27. Rd8+ Re8 28. Qd3 g6 29. Qd7 Qxd7 30. Rxd7 Re5 31. Rxb7 Rxc5 32. g3 Rc2 33. Kg2 a5 34. a3 c5 35. b3 c4 36. bxc4 Rxc4 37. Rb3 Kg7 38. Kf3 h5 39. h4 g5 40. Rb7+ Kg6 41. Rb6+ Kg7 42. hxg5 h4 43. gxh4 Rxh4 44. Rf6 Ra4 45. Rxf5 Kg6 46. Rf4 Rxa3+ 47. Kg4 Ra1 48. Rf6+ Kg7 49. Ra6 Ra4+ 50. Kf5 1-0

[Event "DPEM 2017"]
[Site "Wiesbaden"]
[Date "2017.06.17"]
[Round "5.9"]
[White "Schulz, Gert"]
[Black "Bendfeldt, Tim"]
[Result "1-0"]
[WhiteElo "2000"]
[BlackElo "2076"]
[Annotator "NA"]
[PlyCount "75"]
[EventDate "2017.??.??"]
[EventType "k.o."]
[EventCountry "GER"]
[SourceTitle "playchess.com"]
[Source "ChessBase"]
[SourceQuality "1"]

1. d4 d5 2. c4 c6 3. Nc3 Nf6 4. e3 e6 5. Nf3 Nbd7 6. Qc2 Bd6 7. Bd3 O-O 8. O-O e5 9. cxd5 cxd5 10. Nb5 Bb8 11. dxe5 Nxe5 12. Nxe5 Bxe5 13. Nd4 Bg4 14. f3 Bd7 15. Bd2 Qb6 16. Bc3 Rac8 17. Qd2 Rfe8 18. Rfe1 a6 19. Rac1 Bb8 20. g3 Ba7 21. Ba5 Qd6 22. Bb4 Qe5 23. Rxc8 Bxc8 24. Bc3 Qg5 25. Bf1 h5 26. Nc2 h4 27. g4 Qf4 28. Qf2 Qa4 29. a3 Nh7 30. Bd4 Ng5 31. Bxa7 Bxg4 32. fxg4 Qxg4+ 33. Kh1 h3 34. Qf4 Qc8 35. Qf5 Qxc2 36. Bd4 Qe4+ 37. Kg1 g6 38. Qxh3 1-0

[Event "DPEM 2017"]
[Site "Wiesbaden"]
[Date "2017.06.17"]
[Round "5.10"]
[White "Quast, Marcel"]
[Black "Dehlinger, Alexander"]
[Result "0-1"]
[WhiteElo "2241"]
[BlackElo "2272"]
[Annotator "ChessBase"]
[PlyCount "70"]
[EventDate "2017.??.??"]
[EventType "k.o."]
[EventCountry "GER"]
[SourceTitle "playchess.com"]
[Source "ChessBase"]
[SourceQuality "1"]

1. e4 c5 2. d4 cxd4 3. c3 Nf6 4. e5 Nd5 5. Nf3 Nc6 6. Bc4 Nb6 7. Bb3 d5 8. exd6 Qxd6 9. O-O Be6 10. Na3 dxc3 11. Bxe6 Qxd1 12. Rxd1 fxe6 13. Nb5 Rc8 14. Ng5 c2 15. Re1 e5 16. Nf3 g6 17. Bd2 Bg7 18. Re4 O-O 19. Rc1 Nd4 20. Na3 Rxf3 21. gxf3 Nxf3+ 22. Kg2 Nxd2 23. Re2 Bh6 24. Rxc2 Rxc2 25. Nxc2 Bf4 26. Ne1 e4 27. f3 Nxf3 28. Nxf3 exf3+ 29. Kxf3 Bd6 30. Ke4 Kf7 31. h3 Kf6 32. Rf2+ Kg5 33. Rf7 h5 34. Rg7 Nc4 35. Kd5 Ne5 0-1

[Event "DPEM 2017"]
[Site "Wiesbaden"]
[Date "2017.06.17"]
[Round "5.11"]
[White "Faas, Dominik"]
[Black "Kreuzer, Helmut"]
[Result "0-1"]
[WhiteElo "2048"]
[BlackElo "2104"]
[Annotator "ChessBase"]
[PlyCount "90"]
[EventDate "2017.??.??"]
[EventType "k.o."]
[EventCountry "GER"]
[SourceTitle "playchess.com"]
[Source "ChessBase"]
[SourceQuality "1"]

1. e4 c5 2. Nf3 Nc6 3. d4 cxd4 4. Nxd4 Nf6 5. Nc3 d6 6. Be2 g6 7. Be3 Bg7 8. O-O O-O 9. Nb3 Be6 10. f4 Qc8 11. Kh1 Bg4 12. Bf3 Rd8 13. Nd5 Bxf3 14. Qxf3 Nxd5 15. exd5 Nb4 16. c3 Nc2 17. Rad1 Nxe3 18. Qxe3 Qd7 19. Rfe1 Kf8 20. Nd4 Bf6 21. f5 Kg8 22. fxg6 hxg6 23. b3 Kg7 24. c4 Rh8 25. Nf3 Rh5 26. b4 b5 27. c5 dxc5 28. Qxc5 Rc8 29. Qe3 Rc4 30. a3 Rc3 31. Qe4 Rxa3 32. g4 Rh3 33. g5 Rhxf3 34. gxf6+ Rxf6 35. Qxe7 Qh3 36. Qe2 Raf3 37. Qg2 Qd7 38. Kg1 Qd6 39. Rf1 Rxf1+ 40. Rxf1 Rxf1+ 41. Qxf1 Qxd5 42. Qa1+ Kg8 43. Qe1 Qd4+ 44. Kf1 Kg7 45. Qe7 Qf6+ 0-1

[Event "DPEM 2017"]
[Site "Wiesbaden"]
[Date "2017.06.17"]
[Round "5.12"]
[White "Schiffner, Kevin"]
[Black "Woll, Wilfried"]
[Result "0-1"]
[WhiteElo "2019"]
[BlackElo "2080"]
[Annotator "NA"]
[PlyCount "92"]
[EventDate "2017.??.??"]
[EventType "k.o."]
[EventCountry "GER"]
[SourceTitle "playchess.com"]
[Source "ChessBase"]
[SourceQuality "1"]

1. d4 e6 2. c4 d5 3. Nc3 c5 4. cxd5 exd5 5. Nf3 Nf6 6. Bg5 Nc6 7. e3 c4 8. a3 Be7 9. Be2 O-O 10. O-O h6 11. Bf4 Bf5 12. Ne5 Na5 13. f3 Rc8 14. Bg3 a6 15. Bh4 b5 16. e4 Be6 17. Bf2 Nb3 18. Rb1 Qc7 19. Qc2 Bd6 20. Rbd1 Nxd4 21. Bxd4 Bxe5 22. Bxe5 Qxe5 23. f4 Qc7 24. f5 d4 25. Rxd4 Qc5 26. Rfd1 Bd7 27. Kh1 Bc6 28. Qd2 Qe5 29. Bf3 Rfe8 30. g3 Rc7 31. Kg2 Rce7 32. Re1 Qc5 33. g4 a5 34. Re2 b4 35. axb4 axb4 36. Nd5 Nxd5 37. exd5 Rxe2+ 38. Bxe2 c3 39. bxc3 bxc3 40. Qc2 Bxd5+ 41. Rxd5 Qxd5+ 42. Kf2 Qd4+ 43. Kf1 Qf4+ 44. Kg2 Qe4+ 45. Qxe4 Rxe4 46. Bd1 c2 0-1

[Event "DPEM 2017"]
[Site "Wiesbaden"]
[Date "2017.06.17"]
[Round "5.13"]
[White "Hachtmann, Christian"]
[Black "Hundack, Rolf"]
[Result "0-1"]
[WhiteElo "2068"]
[BlackElo "2091"]
[Annotator "NA"]
[PlyCount "124"]
[EventDate "2017.??.??"]
[EventType "k.o."]
[EventCountry "GER"]

1. e4 e5 2. Nf3 Nc6 3. d4 exd4 4. Bc4 Be7 5. c3 Na5 6. Be2 dxc3 7. O-O d6 8. Nxc3 Nf6 9. Qa4+ Nc6 10. e5 dxe5 11. Nxe5 Bd7 12. Nxd7 Nxd7 13. Rd1 O-O 14. Bf4 Bd6 15. Bxd6 cxd6 16. Rxd6 Qe7 17. Rad1 Nb6 18. Qe4 Qxe4 19. Nxe4 Rfe8 20. f3 h6 21. Bb5 Rec8 22. Bxc6 Rxc6 23. Rxc6 bxc6 24. Rc1 Nd5 25. a3 Ne7 26. Rc5 a5 27. Kf2 Rb8 28. Rc2 Nf5 29. Rd2 Rb3 30. Nc5 Rb5 31. Na4 g5 32. Rc2 Ne7 33. Ke2 Re5+ 34. Kd3 Rd5+ 35. Ke2 Re5+ 36. Kd1 Nf5 37. Rxc6 Ne3+ 38. Kd2 Nxg2 39. Rc5 Nh4 40. Rc3 Rf5 41. Ke2 Re5+ 42. Kf2 Rd5 43. Ke2 Ng6 44. Nc5 Nf4+ 45. Ke3 Rd1 46. Rc2 f5 47. Nb7 Rd3+ 48. Kf2 Rd5 49. Ke3 Kg7 50. Rd2 Rb5 51. Nd6 Rb3+ 52. Kf2 Kg6 53. Nc4 Rb5 54. Rd6+ Kh5 55. Ra6 Nd3+ 56. Ke2 Nxb2 57. Rxa5 Rb3 58. Nd2 Rc3 59. Rb5 Nd3 60. a4 Nf4+ 61. Kd1 Ra3 62. a5 Nd3 {ZÜ} 0-1

[Event "DPEM 2017"]
[Site "Wiesbaden"]
[Date "2017.06.17"]
[Round "5.14"]
[White "Graetsch, Andreas"]
[Black "Boehmler, Thomas"]
[Result "1/2-1/2"]
[WhiteElo "1836"]
[BlackElo "1866"]
[Annotator "NA"]
[PlyCount "119"]
[EventDate "2017.??.??"]
[EventType "k.o."]
[EventCountry "GER"]
[SourceTitle "playchess.com"]
[Source "ChessBase"]
[SourceQuality "1"]

1. d4 d5 2. c4 Nc6 3. Nc3 dxc4 4. e3 e5 5. d5 Na5 6. Nf3 Bd6 7. Nd2 Ne7 8. Nxc4 Nxc4 9. Bxc4 O-O 10. O-O Ng6 11. Bd2 e4 12. Be2 f5 13. Nb5 Be5 14. Qb3 Kh8 15. Bc3 f4 16. Bxe5 Nxe5 17. f3 exf3 18. Bxf3 fxe3 19. Qxe3 Nxf3+ 20. Rxf3 Rxf3 21. Qxf3 Bd7 22. Nd4 Qe7 23. Rc1 Qe5 24. Ne2 c6 25. Rf1 Qxd5 26. Nf4 Qxf3 27. Rxf3 Kg8 28. Rb3 b5 29. Rc3 Rf8 30. Nd3 Rf5 31. a4 bxa4 32. Nc5 Bc8 33. Nxa4 Ba6 34. h3 Bb5 35. Nc5 a5 36. Nb3 a4 37. Nd4 Rf1+ 38. Kh2 Rf2 39. Kg3 Rxb2 40. Nxc6 Bxc6 41. Rxc6 a3 42. Ra6 a2 43. Ra7 h6 44. h4 Kh7 45. h5 Kg8 46. Kh3 Kf8 47. g4 Ke8 48. Kg3 Kd8 49. Kf4 Kc8 50. Kf5 Kb8 51. Ra5 Rg2 52. Ra4 Kb7 53. Ke6 Kb6 54. Kf7 Kb5 55. Ra7 Kb4 56. Kxg7 Rxg4+ 57. Kxh6 Kb3 58. Rxa2 Kxa2 59. Kh7 Kb3 60. h6 1/2-1/2